| 000 | 00467 a2200121 4500 | ||
|---|---|---|---|
| 001 | ART_8607 | ||
| 005 | 20260410161641.0 | ||
| 008 | 260409a | ||
| 245 | 1 | 0 | _aRegímenes de recaudación del Impuesto Sobre los Ingresos Brutos de la provincia de Buenos Aires. Alternativas posibles para solicitar su reclamo |
| 100 | 1 | _aJanuszewski, Karina | |
| 700 | 1 | _aCarballude, Gisela | |
| 773 | 0 |
_tConsultor tributario _g- Vol. 4, Nº 42 (ago. 2010) _wREV474 |
|
| 999 |
_c13299 _d13299 |
||